Handbook for promoting foreign direct investment in medium-size, low-budget cities in emerging markets / (Record no. 8970)

MARC details
000 -LEADER
fixed length control field 00880nam a22002292 4500
001 - CONTROL NUMBER
control field 0000019463
005 - DATE AND TIME OF LATEST TRANSACTION
control field 20151217152155.0
008 - FIXED-LENGTH DATA ELEMENTS--GENERAL INFORMATION
fixed length control field 101117s xx 000 0 eng d
040 ## - CATALOGING SOURCE
Original cataloging agency KABU
Transcribing agency KABU
110 2# - MAIN ENTRY--CORPORATE NAME
Corporate name or jurisdiction name as entry element Millenium Cities Initiative.
-- 0000179175
245 10 - TITLE STATEMENT
Title Handbook for promoting foreign direct investment in medium-size, low-budget cities in emerging markets /
Statement of responsibility, etc. Millenium Cities Initiative.
250 ## - EDITION STATEMENT
Edition statement 1st ed.
260 ## - PUBLICATION, DISTRIBUTION, ETC. (IMPRINT)
Place of publication, distribution, etc. New York :
Name of publisher, distributor, etc. Columbia University,
Date of publication, distribution, etc. 2009.
300 ## - PHYSICAL DESCRIPTION
Extent xviii, 100 p.
650 #0 - SUBJECT ADDED ENTRY--TOPICAL TERM
Topical term or geographic name as entry element Cities and towns
General subdivision Management.
-- 0000179176
852 1# - LOCATION
-- p500 KES
852 1# - LOCATION
-- p500 KES
852 1# - LOCATION
-- p500 KES
852 1# - LOCATION
-- p500 KES
908 ## - PUT COMMAND PARAMETER (RLIN)
Put command parameter 101117
950 ## - LOCAL HOLDINGS (RLIN)
-- 1
Holdings
Withdrawn status Lost status Source of classification or shelving scheme Not for loan Home library Current library Date acquired Total Checkouts Full call number Barcode Date last seen Price effective from Koha item type
    Library of Congress Classification   Kabarak, Main Campus Kabarak, Main Campus 17/12/2015   HT153 .M55 2009 c. 1 23334 17/12/2015 17/12/2015 General Collection
    Library of Congress Classification   Kabarak, Main Campus Kabarak, Main Campus 17/12/2015   HT153 .M55 2009 c. 2 23229 17/12/2015 17/12/2015 General Collection
    Library of Congress Classification   Kabarak, Main Campus Kabarak, Main Campus 17/12/2015   HT153 .M55 2009 c. 3 23336 17/12/2015 17/12/2015 General Collection
    Library of Congress Classification   Kabarak, Main Campus Kabarak, Main Campus 17/12/2015   HT153 .M55 2009 c. 4 23332 17/12/2015 17/12/2015 General Collection
Designed with assistance from East African Informatics Ltd